| 000 | 01013nam a22003137a 4500 | ||
|---|---|---|---|
| 003 | CHAP | ||
| 005 | 20220329134248.0 | ||
| 008 | 971013s1967 r 00010 d | ||
| 010 | _a17786 | ||
| 011 | _a18758 | ||
| 035 | _a22843 | ||
| 040 | _cCHAP | ||
| 082 |
_a582.13 _b8 |
||
| 100 | 0 | 0 |
_aHutchinson, John. _957030 |
| 245 | _aKey to the families of flowering plants of the world | ||
| 260 |
_aOxford : _bClarendon Press, _c1967 |
||
| 300 |
_a117 p. _b: ilus. |
||
| 500 | _a"... Supplement to The genera of flowering plants." | ||
| 590 |
_aBATCH-UPD _b10 _c20130110 _lUCH01 _h0237 |
||
| 590 |
_aBATCH-UPD _b10 _c20130110 _lUCH01 _h2106 |
||
| 590 |
_aBATCH-UPD _b10 _c20130409 _lUCH01 _h2303 |
||
| 590 |
_aBATCH-UPD _b10 _c20130410 _lUCH01 _h1418 |
||
| 590 |
_aBATCH-UPD _b10 _c20130914 _lUCH01 _h0729 |
||
| 590 |
_aCONVERSION _b10 _c20130109 _lUCH01 _h1311 |
||
| 650 | 1 | 4 |
_aBotánica _xClasificación. _914516 |
| 901 | _aBK | ||
| 942 | _cLIBRO | ||
| 949 |
_a582.13 H8 _bBC _cLIBRO _d33724000448353 _eLIBRO _h14929 _i22843 _si |
||
| 999 |
_c17786 _d17786 |
||